000 00404nam a2200121Ia 4500
008 220620s9999||||xx |||||||||||||| ||und||
245 0 _aOrgan Donation and Transplantation
_bPublic Policy and Clinical Perspectives
546 _aEnglish[eng]
650 _aVascular surgery
700 _aRandhawa, Gurch
856 _uhttps://mts.intechopen.com/storage/books/980/authors_book/authors_book.pdf
942 _cEB
999 _c34189
_d34189